Lights Down Low - Max - All Lyrics - Statistics

General Stats
  • This quiz has been taken 10 times
  • The average score is 185 of 334
Answer Stats
% Correct
I
89%
down
78%
it
78%
me
78%
slow
78%
slow,
78%
a
67%
an
67%
And
67%
and
67%
don't
67%
lights,
67%
lights
67%
low
67%
low,
67%
(low,
67%
low)
67%
Oh,
67%
oh
67%
Oh
67%
Oh-oh-oh-ohh
67%
Oh-oh-oh-ooh
67%
On
67%
Take
67%
the
67%
to
67%
turn
67%
(Turn
67%
you
67%
You
67%
at
56%
breathing
56%
Can
56%
can
56%
Cause
56%
'Cause
56%
feel
56%
feeling
56%
give
56%
in
56%
It's
56%
of
56%
Yeah,
56%
your
56%
you're
56%
You're
56%
But
44%
ever
44%
flow
44%
go
44%
have
44%
Heaven
44%
I'd
44%
I'm
44%
know
44%
knows
44%
my
44%
need
44%
now
44%
only
44%
so
44%
stop
44%
swim
44%
think
44%
this
44%
time?
44%
were
44%
we're
44%
where
44%
angel
33%
anything
33%
baby,
33%
baby
33%
back
33%
beautiful
33%
been
33%
best
33%
Catch
33%
chasing
33%
cloud
33%
devine?
33%
energy?
33%
everything
33%
find
33%
flood
33%
gonna
33%
Grab
33%
hand
33%
head
33%
heart,
33%
island
33%
just
33%
kids
33%
leave
33%
like
33%
look
33%
looking
33%
movie
33%
place
33%
really
33%
reckless
33%
resting
33%
Running
33%
skies
33%
steam
33%
through
33%
train
33%
Trying
33%
will
33%
you've
33%
bare
22%
dancing
22%
feet
22%
heavy
22%
rain
22%
Under
22%
No matching quizzes found
Score Distribution
Percent of People with Each Score
Percentile by Number Answered
Your Score History
You have not taken this quiz